000
00282nam a2200121Ia 4500
008
190216s9999||||xx |||||||||||||| ||und||
100
_a
Hadley G
245
0
_a
Linear Programming
260
_b
Addison-Wesley Pbl: Co:
_c
1978
300
_a
520p
650
_a
Mathematics
942
_c
BK
999
_c
30607
_d
30607